000
00301nam a22001337a 4500
008
181012b xxu||||| |||| 00| 0 eng d
020
_a
9780323045889
041
_a
eng
080
_2
8th
_a
615
100
_a
5
101
_a
SHF
245
_a
Clculation of Drug Dosages
_c
Ogden, Sh.J
942
_2
udc
_c
BK
999
_c
49521
_d
49521